| 000 | 00445nam a2200205Ia 4500 | ||
|---|---|---|---|
| 003 | 0100 | ||
| 008 | 130303s9999 xx 000 0 und d | ||
| 020 | _a553053329 | ||
| 040 | _cARRUPELIB | ||
| 050 | _aBX2182.2.N67421989 | ||
| 100 | _aRobert Durback | ||
| 245 | _aSeeds of hope | ||
| 260 | _aNew York | ||
| 260 | _bDouble Dell | ||
| 260 | _C1989 | ||
| 300 | _axi | ||
| 300 | _b 213p. 21cm | ||
| 700 | _aRobert Durback | ||
| 942 | 0 | 0 | _01 |
| 999 |
_c12830 _d12830 |
||